00894nam a2200229 a 450000100100000000500170001000800410002702000150006804000250008308200160010810000370012424501150016126000510027630000280032750000630035550400320041870000380045070000350048804900090052395201150053299900170064700002219920200930011627.0100920s19uu dr a 001 0 spa d a9945000098 aDO-SdBNPbspacBNPHU axxxxbL961e1 aLuna Huggins, Rosa Ana de94592610aEso soy, adolescente /cRosa Ana de Luna Huggins; prólogo Marino Contreras ; ilustración Omar D.Alexander. a[Santo Domingo] :bEditorial Dahiana,c[198?]. a124 p. :bil. ;c21 cm. aIncluye datos biográficos del autor en la contracubierta aBibliografía : p. 123-1241 aContreras, Marinoepról.9459271 aAlexander, Omar D.eil.945928 aBNPD 00107-18PDaPDbPDcOId2010-09-20iLF1l0oxxxx L961ep22199-10r2020-06-25w2020-06-25yLFPDZNo se presta c21697d21697